000 00406nam a2200157 i 4500
001 52921
003 ES-MaACL
005 20230906162652.0
007 t|
008 030910s1963 sp ||||1| spa d
100 1 _aDelarue, Jacques.
_943322
245 1 3 _aLa Gestapo /
_cJacques Delarue.
260 _aBarcelona :
_bBruguera,
_c1963.
300 _a477 p. ;
_c22 cm.
852 _aES-MaACL
_jC-24510
_bR.53247
999 _c52921
_d52921